000 00357nam a2200133Ia 4500
008 210210b1970 xxu||||| |||| 00| 0 eng d
082 _a342.029 KAPC
100 _aKAPUR (Anup Chand).
245 _aConstitutional history of India 1765-1970.
260 _aND
_bNiraj Prakashan
_c1970
300 _aviii,900
690 _aIndian Constitution
906 _a028193
999 _c79447
_d79447